UBT Library

Diplomacia / (Record no. 387)

000 -LEADER
fixed length control field 00449nam a22001697a 4500
008 - FIXED-LENGTH DATA ELEMENTS--GENERAL INFORMATION
fixed length control field 131204b xxu||||| |||| 00| 0 alb d
041 0# - LANGUAGE CODE
Language code of text/sound track or separate title alb
080 ## - UNIVERSAL DECIMAL CLASSIFICATION NUMBER
Universal Decimal Classification number 341.7
100 ## - Rafti
Rafti Nikolson, Sër Harold ;
245 10 - TITLE STATEMENT
Title Diplomacia /
Statement of responsibility, etc Sër Harold Nikolson ;
260 ## -
-- Prishtinë :
-- Brezi '81 ;
-- 2005.
300 ## -
-- 243 f. ;
-- 20 cm.
500 ## -
-- Parathënie : f. 9-16
505 ## -
-- Bibliografia : f. 243
650 ## -
-- Diplomacia
942 ## - ADDED ENTRY ELEMENTS (KOHA)
Source of classification or shelving scheme
Item type Books
Holdings
Withdrawn status Lost status Source of classification or shelving scheme Damaged status Not for loan Collection code Permanent location Current location Shelving location Date acquired Total Checkouts Full call number Barcode Date last seen Price effective from Koha item type
          Koleksioni i përgjithshem UBT - Prishtine UBT - Prishtine Koleksioni i përgjithshem 12/04/2013   341.7 001-000522 12/04/2013 12/04/2013 Books
UBT Library © 2015-2024. All rights reserved University Education for Business and Technology